00405nam a22001217a 4500020001500000082001200015100004600027245007700073260004800150300002700198490001600225650004200241 a9555900469 a615.321 aArambewela, LakshmiaWijesinghe, Aravinda aSri lanken Medicinal plant Monograph & Analysis Vol-12 :Munronia Pumilia aColombo bNational science foundationc2006 a27pbHard Binded Cover aVolume - 12 aChemistryaMedicinal plantsaBotany,